| 000 | 00986nam a2200265Ia 4500 | ||
|---|---|---|---|
| 003 | OSt | ||
| 005 | 20220923211258.0 | ||
| 006 | a|||||r|||| 00| 0 | ||
| 007 | ta | ||
| 008 | 220922b |||||||| |||| 00| 0 hin d | ||
| 020 |
_a9788179171059 (hbk) _c375 |
||
| 024 | _a285,041 | ||
| 037 |
_b28, 02/02/2015, P. K. Books _cTextual |
||
| 040 |
_aARTS _cARTS _bhin |
||
| 041 |
_2hin _ahin |
||
| 082 | _aX:3260aQ63, 152P8 | ||
| 100 | _aवेबर, मैक्स | ||
| 245 | 0 | _aप्रोटेस्टेंट आचारशास्त्र और पूंजीवाद चेतना | |
| 246 | _aProṭesṭeanṭa āchārashāstra aur pūanjīvād chetanā | ||
| 260 |
_aदिल्ली _b ग्रंथ शिल्पी _c2008 |
||
| 300 |
_a239पृ. _ccm. |
||
| 650 | _aअर्थशास्त्र | ||
| 942 |
_hX:3260aQ63, 152P8 _cTEXL _2CC |
||
| 999 |
_c298082 _d298082 |
||